| 000 | 01126nam a22003497a 4500 | ||
|---|---|---|---|
| 003 | CHAP | ||
| 005 | 20220329141759.0 | ||
| 008 | 971013s1930 r 00010 d | ||
| 010 | _a73727 | ||
| 011 | _a74699 | ||
| 035 | _a84258 | ||
| 040 | _cCHAP | ||
| 082 |
_a633.1 _bG3 |
||
| 100 | 0 | 0 |
_aGarola, Charles Victor. _946930 |
| 245 | _aCereales | ||
| 250 | _a2 ed. | ||
| 260 |
_aBarcelona : _bSalvat, _c1930 |
||
| 300 |
_a2 v. _b: ilus. |
||
| 505 | _aContenido: v.1. Normas generales de cultivo.- v.2. Cultivos especiales del trigo y demás cereales | ||
| 590 |
_aBATCH-UPD _b10 _c20130110 _lUCH01 _h0516 |
||
| 590 |
_aBATCH-UPD _b10 _c20130410 _lUCH01 _h0155 |
||
| 590 |
_aBATCH-UPD _b10 _c20130914 _lUCH01 _h0914 |
||
| 590 |
_aCONVERSION _b10 _c20130109 _lUCH01 _h1340 |
||
| 650 | 1 | 4 |
_aCereales. _921370 |
| 650 | 1 | 4 |
_aTrigo. _9114954 |
| 700 | 0 |
_aLavallé, P. _965135 |
|
| 901 | _aBK | ||
| 942 | _cLIBRO | ||
| 949 |
_a633.1 G3 _bBC _cLIBRO _d-39481 _eLIBRO _fv.1 _h22161 _i84258 _si |
||
| 949 |
_a633.1 G3 _bBC _cLIBRO _d-39482 _eLIBRO _fv.1;c.2 _h27670 _i84258 _si |
||
| 949 |
_a633.1 G3 _bBC _cLIBRO _d-39483 _eLIBRO _fv.2 _h27671 _i84258 _si |
||
| 999 |
_c73727 _d73727 |
||